| 000 | 01248cam a22003014a 4500 | ||
|---|---|---|---|
| 001 | 13767325 | ||
| 005 | 20060519143824.0 | ||
| 008 | 041101r19712005nyua |rb 001 0 eng | ||
| 010 | _a2004060697 | ||
| 020 | _a0674017722 (pbk. : alk. paper) | ||
| 040 |
_aDLC _cDLC _dDLC |
||
| 042 | _apcc | ||
| 050 | 0 | 0 |
_aJC578 _b.R38 2005 |
| 082 | 0 | 0 |
_a320.011 _222 _bRAW |
| 100 | 1 |
_aRawls, John, _d1921-2002. _911109 |
|
| 245 | 1 | 2 |
_aA Theory of Justice / _cJohn Rawls. |
| 250 | _aOriginal ed. | ||
| 260 |
_aCambridge, Mass. : _bBelknap Press, 1971,[2005?] _c1971, [2005?] |
||
| 300 |
_axv, 607 p. : _bill. ; _c23 cm. |
||
| 500 | _aReprint. Originally published: 1971. | ||
| 504 | _aIncludes bibliographical references and index. | ||
| 650 | 0 |
_aJustice. _911110 |
|
| 650 | 0 |
_aPolitical science _911162 _xPhilosophy. |
|
| 856 | 4 | 1 |
_3Table of contents _uhttp://www.loc.gov/catdir/toc/fy053/2004060697.html |
| 942 |
_2ddc _cBB |
||
| 999 |
_c13314 _d13314 |
||